Sound of love [

Bibliographic Details
Main Author: Buscaglia, Leo
Format: Book
Published: Illinois : Nightingale-Conant , 19_.
Subjects:

MARC

LEADER 00000cam a2200000 7i4500
001 0000000030
002 000000039
005 20080215.0
020 |a 1555252249 
090 0 0 |a 152.41   |b BUS 
100 1 |a Buscaglia, Leo 
245 1 0 |a Sound of love [  |h sound recording]   |c Leo Buscaglia 
260 |a Illinois :   |b Nightingale-Conant ,   |c 19_. 
300 |a 1 sound cassette (60:00 minutes) 
650 0 0 |a Love 
650 0 0 |a Self-realization 
999 |a KT0042   |b KASET   |c RUJUKAN   |e PERPUSTAKAAN KOMUNITI PETALING JAYA